书目信息 |
| 题名: |
特殊函数
|
|
| 作者: | 刘式适 , 刘式达 编著 | |
| 分册: | ||
| 出版信息: | 北京 气象出版社 1988 |
|
| 页数: | 789页 | |
| 开本: | 21cm | |
| 丛书名: | ||
| 单 册: | ||
| 中图分类: | O174.6 | |
| 科图分类: | ||
| 主题词: | 数学分析 | |
| 电子资源: | ||
| ISBN: | 7-5029-0106-X | |
| 000 | 00565nam0 2200205 45 | |
| 001 | 0405210966 | |
| 005 | 20040907174421.7 | |
| 010 | @a7-5029-0106-X@dCNY8.00 | |
| 100 | @a20040521d1988 km y0chiy0120 ea | |
| 101 | 0 | @achi |
| 105 | @a z 000yy | |
| 200 | 1 | @a特殊函数@ATe Shu Han Shu@f刘式适,刘式达编著@FLiu Shi Shi,Liu Shi Da Bian Zhu |
| 210 | @a北京@c气象出版社@d1988 | |
| 215 | @a789页@d21cm | |
| 606 | 0 | @a数学分析 |
| 690 | @aO174.6@v3 | |
| 701 | 0 | @a刘式适@4编著 |
| 701 | 0 | @a刘式达@4编著 |
| 801 | @aCN@bPftUser@c20040521 | |
| 905 | @dO174.6@e84@f1@b213594 | |
| 特殊函数/刘式适,刘式达编著.-北京:气象出版社,1988 |
| 789页;21cm |
| ISBN 7-5029-0106-X:CNY8.00 |
| ● |
| 相关链接 |
|
|
|
|
正题名:特殊函数
索取号:O174.6/84
 
预约/预借
| 序号 | 登录号 | 条形码 | 馆藏地/架位号 | 状态 | 备注 |
| 1 | 0213593 | 000423312 | 密集书库/ [索取号:O174.6/84] | 在馆 | |
| 2 | 0213594 | 001948389 | 第三借阅区/ [索取号:O174.6/84] | 在馆 | |
| 3 | 0213595 | 202089587 | 第二样本阅览室/ [索取号:O174.6/84] | 在馆 |